Gimnasia femenina moderna /
Guardado en:
| Autor Principal: | |
|---|---|
| Formato: | Libro |
| Publicado: |
Buenos Aires :
Vertical Xx,
1966
|
| Materias: | |
| Etiquetas: |
Agregar Etiqueta
Sin Etiquetas, Sea el primero en etiquetar este registro!
|
| LEADER | 00423nam a22001575a 4500 | ||
|---|---|---|---|
| 001 | CEM.cems004179 | ||
| 005 | 20060216000000.0 | ||
| 008 | 130507s1966##################000#0#####d | ||
| 003 | CEMS | ||
| 082 | 0 | 4 | |a 796.4 |
| 100 | 1 | |a Marty, Beatríz | |
| 245 | 1 | 0 | |a Gimnasia femenina moderna / |
| 260 | |a Buenos Aires : |b Vertical Xx, |c 1966 | ||
| 300 | |a 141 p. | ||
| 653 | |a Gimnasia | ||
| 859 | |a CEMS |b BIB. CEMS - 11 de abril |h 796.4 |i M367 |p 9848.81 |t Ej.1 | ||
